[Event "Wasselonne op"]
[Site "Wasselonne"]
[Date "2009.08.08"]
[Round "4"]
[White "Degardin, Sylvain"]
[Black "Melloul, Claude"]
[Result "1/2-1/2"]
[WhiteElo "1780"]
[BlackElo "2015"]
[PlyCount "43"]
[EventDate "2009.08.06"]
[EventType "swiss"]
[EventRounds "7"]
[EventCountry "FRA"]
[SourceTitle "EXT 2011"]
[Source "ChessBase"]
[SourceDate "2010.11.26"]
[SourceVersion "1"]
[SourceVersionDate "2010.11.26"]
[SourceQuality "1"]

1. Nf3 g6 2. c4 Bg7 3. e4 d6 4. d4 Nf6 5. Nc3 0-0 6. Be2 e5 7. 0-0 Nc6 8. d5 Ne7 9. b4 c6 10. a4 a5 11. b5 c5 12. Ne1 Ne8 13. f3 b6 14. Nd3 f5 15. g4 Ra7 16. h4 Nf6 17. Bg5 Kh8 18. Bxf6 Bxf6 19. g5 Bg7 20. Kg2 Kg8 21. Qd2 f4 22. Rh1 1/2-1/2

[Event "Bagnoles de l'Orne"]
[Site "Bagnoles de l'Orne"]
[Date "2009.06.01"]
[Round "5"]
[White "Melloul, Claude"]
[Black "Godart, Francois"]
[Result "1-0"]
[WhiteElo "2023"]
[BlackElo "2119"]
[PlyCount "75"]
[EventDate "2009.05.30"]
[EventType "swiss"]
[EventRounds "6"]
[EventCountry "FRA"]
[SourceTitle "CBM 130 Extra"]
[Source "ChessBase"]
[SourceDate "2009.07.02"]
[SourceVersion "2"]
[SourceVersionDate "2009.07.15"]
[SourceQuality "1"]

1. e4 c6 2. d4 d5 3. Nd2 dxe4 4. Nxe4 Bf5 5. Ng3 Bg6 6. Nf3 Nd7 7. h4 h6 8. Bd3 Bxd3 9. Qxd3 e6 10. Bd2 Ngf6 11. Qe2 Bd6 12. Nf5 Qc7 13. Nxd6+ Qxd6 14. 0-0-0 0-0 15. Kb1 c5 16. Bc1 Qb6 17. Rhg1 Nd5 18. Ka1 Qa5 19. g4 Nb4 20. a3 Rac8 21. g5 cxd4 22. Nxd4 e5 23. Bd2 Nxc2+ 24. Nxc2 Qa4 25. Bc3 hxg5 26. hxg5 Rxc3 27. bxc3 Rc8 28. Rg3 Nc5 29. Rb1 a5 30. Ka2 e4 31. Ne1 Nd3 32. Qd1 Qd7 33. Nxd3 exd3 34. Rxd3 Qe6+ 35. Ka1 Qe7 36. Kb2 Qxg5 37. Qd2 Qf6 38. Rd1 1-0

[Event "Bagnoles de l'Orne"]
[Site "Bagnoles de l'Orne"]
[Date "2009.05.31"]
[Round "4"]
[White "Groshenny, Claude"]
[Black "Melloul, Claude"]
[Result "0-1"]
[WhiteElo "1910"]
[BlackElo "2023"]
[PlyCount "46"]
[EventDate "2009.05.30"]
[EventType "swiss"]
[EventRounds "6"]
[EventCountry "FRA"]
[SourceTitle "CBM 130 Extra"]
[Source "ChessBase"]
[SourceDate "2009.07.02"]
[SourceVersion "2"]
[SourceVersionDate "2009.07.15"]
[SourceQuality "1"]

1. d4 Nf6 2. c4 g6 3. Nc3 Bg7 4. e4 0-0 5. f4 d6 6. Nf3 c5 7. d5 e6 8. Be2 exd5 9. cxd5 Bg4 10. 0-0 Nbd7 11. a4 Re8 12. Nd2 Bxe2 13. Qxe2 Nxe4 14. Ndxe4 f5 15. Qb5 fxe4 16. Qxb7 Bd4+ 17. Kh1 e3 18. Ne2 Nf6 19. Qb3 Qe7 20. Rf3 Qe4 21. Ra3 Rab8 22. Qc4 Rb4 23. Qa2 Qc2 0-1

[Event "Le Touquet op 15th"]
[Site "Le Touquet"]
[Date "2000.10.??"]
[Round "1"]
[White "Melloul, Claude"]
[Black "Levin, Felix"]
[Result "0-1"]
[WhiteElo "2104"]
[BlackElo "2528"]
[PlyCount "79"]
[EventDate "2000.10.28"]
[EventType "swiss"]
[EventRounds "9"]
[EventCountry "FRA"]
[SourceTitle "EXT 2002"]
[Source "ChessBase"]
[SourceDate "2001.11.25"]
[SourceVersion "1"]
[SourceVersionDate "2001.11.25"]
[SourceQuality "1"]

1. e4 c5 2. Nf3 d6 3. d4 cxd4 4. Nxd4 Nf6 5. Nc3 Nc6 6. Bg5 e6 7. Qd2 Be7 8. 0-0-0 Nxd4 9. Qxd4 0-0 10. Kb1 a6 11. Bc4 b5 12. Bb3 Qa5 13. e5 dxe5 14. Qxe5 Ng4 15. Qg3 Bxg5 16. Qxg4 Be7 17. Rd3 b4 18. Ne2 Bf6 19. Rhd1 Qe5 20. Nd4 Bb7 21. f4 Qc5 22. Qe2 a5 23. Ba4 Ba6 24. Nb3 Bxd3 25. Rxd3 Qg1+ 26. Rd1 Qb6 27. g4 Rfd8 28. Rc1 Rd5 29. g5 Be7 30. h4 Rad8 31. h5 g6 32. hxg6 hxg6 33. Qc4 Rd1 34. Qe2 Qg1 35. c4 bxc3 36. bxc3 Rxc1+ 37. Nxc1 Ba3 38. Qc2 Rb8+ 39. Bb3 a4 40. Qxg6+ 0-1

[Event "Cannes Martinez op"]
[Site "Cannes"]
[Date "1996.??.??"]
[Round "9"]
[White "Derieux, Christian"]
[Black "Melloul, Claude"]
[Result "1/2-1/2"]
[WhiteElo "2145"]
[BlackElo "2060"]
[PlyCount "27"]
[EventDate "1996.08.??"]
[EventType "swiss"]
[EventRounds "9"]
[EventCountry "FRA"]
[SourceTitle "EXT 1998"]
[Source "ChessBase"]
[SourceDate "1997.11.17"]
[SourceVersion "1"]
[SourceVersionDate "1997.11.17"]
[SourceQuality "1"]

1. d4 d6 2. c4 Nf6 3. Nc3 g6 4. e4 Bg7 5. Nf3 0-0 6. Be2 e5 7. 0-0 Nc6 8. d5 Ne7 9. b4 Nh5 10. g3 f5 11. Ng5 Nf6 12. f3 a5 13. bxa5 Rxa5 14. a4 1/2-1/2

[Event "Cannes Martinez op"]
[Site "Cannes"]
[Date "1996.??.??"]
[Round "7"]
[White "Gregus, Laszlo"]
[Black "Melloul, Claude"]
[Result "0-1"]
[WhiteElo "2090"]
[BlackElo "2060"]
[PlyCount "126"]
[EventDate "1996.08.??"]
[EventType "swiss"]
[EventRounds "9"]
[EventCountry "FRA"]
[SourceTitle "EXT 1998"]
[Source "ChessBase"]
[SourceDate "1997.11.17"]
[SourceVersion "1"]
[SourceVersionDate "1997.11.17"]
[SourceQuality "1"]

1. d4 d6 2. e4 Nf6 3. Nc3 g6 4. Nf3 Bg7 5. Bd3 0-0 6. h3 Nc6 7. Be3 e5 8. d5 Ne7 9. Qd2 c6 10. Bg5 cxd5 11. exd5 a6 12. Bc4 b5 13. Bd3 Bb7 14. Bxf6 Bxf6 15. Be4 Bg7 16. g4 b4 17. Ne2 Qa5 18. c4 Qc5 19. b3 a5 20. Ng3 Bc8 21. Qg5 f6 22. Qh4 Ra7 23. Rd1 f5 24. gxf5 Nxf5 25. Nxf5 Bxf5 26. Ng5 h6 27. Ne6 Bxe6 28. dxe6 Rf4 29. Qd8+ Bf8 30. 0-0 Rxe4 31. Rd5 Qc7 32. Qe8 Kg7 33. c5 Qe7 34. Qxe7+ Rxe7 35. Rxd6 Rd4 36. Ra6 Rc7 37. c6 Rd5 38. f4 Bc5+ 39. Kh1 Bd6 40. fxe5 Rxe5 41. Rf7+ Rxf7 42. exf7 Kxf7 43. Ra7+ Re7 44. Rxa5 Rc7 45. Ra6 Ke7 46. Kg2 Bc5 47. Kf3 Kd6 48. Ke4 Rxc6 49. Ra8 Ke6 50. Rh8 h5 51. Ra8 Be7 52. Ra5 Rc3 53. h4 Rh3 54. Ra6+ Bd6 55. Ra5 Rxh4+ 56. Kf3 Rg4 57. Rb5 g5 58. Ra5 Rg3+ 59. Kf2 h4 60. Ra6 g4 61. Ra8 Rc3 62. Ra5 Bc5+ 63. Ke2 g3 0-1

[Event "Cannes Martinez op"]
[Site "Cannes"]
[Date "1996.??.??"]
[Round "8"]
[White "Melloul, Claude"]
[Black "Coutton, Sylvain"]
[Result "1/2-1/2"]
[WhiteElo "2060"]
[BlackElo "2155"]
[PlyCount "38"]
[EventDate "1996.08.??"]
[EventType "swiss"]
[EventRounds "9"]
[EventCountry "FRA"]
[SourceTitle "EXT 1998"]
[Source "ChessBase"]
[SourceDate "1997.11.17"]
[SourceVersion "1"]
[SourceVersionDate "1997.11.17"]
[SourceQuality "1"]

1. e4 c5 2. Nc3 Nc6 3. g3 g6 4. Bg2 Bg7 5. d3 e6 6. Be3 d6 7. f4 Nge7 8. Nf3 Nd4 9. 0-0 0-0 10. Qd2 d5 11. Nd1 Nxf3+ 12. Bxf3 d4 13. Bf2 e5 14. b3 Bh3 15. Bg2 Qd7 16. a4 Bh6 17. Be1 Bxg2 18. Qxg2 f5 19. Bd2 Nc6 1/2-1/2

[Event "Cannes Martinez op"]
[Site "Cannes"]
[Date "1996.??.??"]
[Round "4"]
[White "Nicoara, Malina"]
[Black "Melloul, Claude"]
[Result "1/2-1/2"]
[WhiteElo "2160"]
[BlackElo "2060"]
[PlyCount "94"]
[EventDate "1996.08.??"]
[EventType "swiss"]
[EventRounds "9"]
[EventCountry "FRA"]
[SourceTitle "EXT 1998"]
[Source "ChessBase"]
[SourceDate "1997.11.17"]
[SourceVersion "1"]
[SourceVersionDate "1997.11.17"]
[SourceQuality "1"]

1. d4 Nf6 2. c4 g6 3. Nc3 Bg7 4. e4 d6 5. f3 0-0 6. Be3 Nc6 7. Nge2 a6 8. Qd2 Rb8 9. Nc1 e5 10. Nb3 exd4 11. Nxd4 Ne5 12. Rd1 c5 13. Nc2 Be6 14. Qxd6 Qxd6 15. Rxd6 Nxc4 16. Bxc4 Bxc4 17. Bxc5 Rfd8 18. Kf2 Bf8 19. Rxd8 Rxd8 20. Bd4 Be7 21. Ke3 b5 22. Rd1 Nh5 23. b3 Be6 24. g3 b4 25. Ne2 f5 26. e5 a5 27. Nc1 g5 28. Nd3 Kf7 29. Ke2 f4 30. g4 Ng7 31. h4 h5 32. hxg5 hxg4 33. g6+ Kxg6 34. Nxf4+ Kf5 35. Nxe6 gxf3+ 36. Kxf3 Nxe6 37. Ne3+ Kg6 38. Bb6 Rf8+ 39. Kg3 Ng5 40. Rf1 Rxf1 41. Nxf1 Kf5 42. Ne3+ Kxe5 43. Nc4+ Ke4 44. Bxa5 Kd3 45. Ne5+ Kc3 46. Nc6 Bd6+ 47. Kg4 Ne4 1/2-1/2

[Event "Torcy op-B"]
[Site "Torcy"]
[Date "1991.??.??"]
[Round "?"]
[White "Chartier, Antoine"]
[Black "Melloul, Claude"]
[Result "1-0"]
[WhiteElo "1960"]
[BlackElo "1850"]
[PlyCount "109"]
[EventDate "1991.04.??"]
[EventType "swiss"]
[EventRounds "9"]
[EventCountry "FRA"]
[SourceTitle "TD"]
[Source "ChessBase"]
[SourceDate "1994.03.01"]
[SourceVersion "1"]
[SourceVersionDate "1994.03.01"]
[SourceQuality "1"]

1. e4 e5 2. Nf3 d6 3. d4 exd4 4. Nxd4 g6 5. Nc3 Bg7 6. Be2 Nc6 7. Nb3 Be6 8. Be3 Nf6 9. 0-0 0-0 10. f4 Re8 11. Bf3 Re7 12. Qe2 Nd7 13. Rad1 Nb6 14. Rfe1 Qf8 15. Qf2 Nc4 16. Bc1 f5 17. exf5 Qxf5 18. Nd5 Rd7 19. Rxe6 Qxe6 20. Nxc7 Rxc7 21. Bd5 Qxd5 22. Rxd5 Nb4 23. Rd1 Nxb2 24. Bxb2 Bxb2 25. c4 Bg7 26. a3 Na6 27. Qe2 Nc5 28. Nxc5 dxc5 29. Qe6+ Rf7 30. Rd7 Bd4+ 31. Kf1 Raf8 32. Rxb7 Kg7 33. Rxf7+ Rxf7 34. g3 Rb7 35. Kg2 Rb2+ 36. Kh3 Rb7 37. a4 Rf7 38. Kg4 h5+ 39. Kf3 Rf6 40. Qc8 Rf7 41. Qe8 Rb7 42. Ke4 Rf7 43. Kd5 Rf8 44. Qe1 Rf5+ 45. Kc6 Rf6+ 46. Kc7 Rf7+ 47. Kb8 Kf6 48. a5 Re7 49. Qxe7+ Kxe7 50. Kxa7 Bg1 51. Kb6 Bxh2 52. a6 Bxg3 53. a7 Bxf4 54. a8Q Be3 55. Qe4+ 1-0

[Event "Torcy op-B"]
[Site "Torcy"]
[Date "1991.??.??"]
[Round "?"]
[White "Melloul, Claude"]
[Black "Camaly, P."]
[Result "0-1"]
[WhiteElo "1850"]
[BlackElo "2040"]
[PlyCount "75"]
[EventDate "1991.04.??"]
[EventType "swiss"]
[EventRounds "9"]
[EventCountry "FRA"]
[SourceTitle "TD"]
[Source "ChessBase"]
[SourceDate "1994.03.01"]
[SourceVersion "1"]
[SourceVersionDate "1994.03.01"]
[SourceQuality "1"]

1. e4 e6 2. d3 d5 3. Nd2 Nf6 4. Ngf3 dxe4 5. dxe4 Nc6 6. Be2 Bc5 7. 0-0 e5 8. c3 a5 9. Qc2 Qe7 10. Nc4 h6 11. Be3 0-0 12. Bxc5 Qxc5 13. Ne3 Be6 14. b3 Ng4 15. Nf5 Nf6 16. h3 Bxf5 17. exf5 e4 18. Nh4 Nd4 19. Qb2 Nxe2+ 20. Qxe2 Qxc3 21. Rac1 Qe5 22. Qc4 Nd5 23. Rfe1 Rfe8 24. Rcd1 c6 25. f3 e3 26. Rd4 b5 27. Qc5 Qg3 28. Re2 Nf4 29. Rxf4 Qxf4 30. g4 Qg3+ 31. Ng2 Qxf3 32. Rxe3 Rxe3 33. Qxe3 Qxe3+ 34. Nxe3 Rd8 35. Nf1 Rd1 36. Kf2 Kf8 37. Ke2 Ra1 38. Kd3 0-1